| 000 | 00660nam a2200193 a 4500 | ||
|---|---|---|---|
| 001 | 1050 | ||
| 003 | CDMR | ||
| 005 | 20131010171227.0 | ||
| 008 | 130130s2002||||||||||||||||||||||||||||d | ||
| 040 |
_aCDMR _bcat _cCPC LLEIDA |
||
| 100 | 1 |
_94038 _aHernández Hernàndez, Sònia _d1976- |
|
| 245 |
_aJuan Ramón Masoliver _b: dies llegits _cSònia Hernández, Ángel Luis Acín |
||
| 260 |
_aMontcada i Reixac _bL'Ajuntament. Regidoria de Cultura _cDL 2002 |
||
| 300 |
_a225 p. _b20 cm. |
||
| 600 | 1 |
_94039 _aMasoliver, Juan Ramón _d1910-1997 |
|
| 650 | 0 | 4 |
_93139 _aPeriodistes catalans _vBiografia |
| 700 | 1 |
_93556 _aAcín Calvo, Àngel Luis _d1972- |
|
| 942 |
_cMON _2udc _n0 |
||
| 999 |
_c1050 _d1050 |
||